00882nam a22002177a 450000500170000000800430001702000160006005000250007610000350010124000470013624501310018325000130031426000350032730000400036244000360040250000510043860000570048965000520054670000360059870000300063420240112125724.0231212b sp |||||||| |||| 00| 0 spa d a8423322483 04aB2430.A474bA48 19921 aAlthusser, Louis, e1918-1990  aL'avenir dure longtemps suivi de Les faits13aEl porvenir es largob: los hechos c/ Louis Althusser ; traductor Marta Pessarrodona y Carles Urritz ; editor Olivier Corpet  a1a ed.  a Barcelona ; bDestino, c1992 a482 p. ; b il. ; 20 cm c20 cm  aÁncora y delfín ; vV. 691  a# 838 Donacion: Dr. Rafael Mendoza 6/JUL./2021 aAlthusser, Louis, d(1918-1990) x autobiografías 72lembaAutores, biografía francesa ySiglo XX.1 aPessarrodona, Martaetraductor 1 aCorper, Olivier eeditor